Interactive versus stand-alone group decision support systems for stakeholder identification and assumption surfacing in small groups.
Analýza vplyvu rôznych dizajnov systémov na podporu skupinového rozhodovania na proces rozhodovania. Porovnávali sa dve pracoviská so štyrmi pracovníkmi, z ktorých každý mal počítač, pričom na prvom pracovisku boli počítače oddelené, a na druhom pracovali v sieti.
Na minha lista:
| Autor principal: | |
|---|---|
| Outros Autores: | , |
| Formato: | Capítulo de Livro |
| Idioma: | inglês |
| Assuntos: | |
| Tags: |
Sem tags, seja o primeiro a adicionar uma tag!
|
MARC
| LEADER | 00000naa a2200000 4500 | ||
|---|---|---|---|
| 001 | r009987 | ||
| 005 | 20221130112709.5 | ||
| 041 | 0 | |a eng | |
| 044 | |a NL | ||
| 245 | 1 | 0 | |a Interactive versus stand-alone group decision support systems for stakeholder identification and assumption surfacing in small groups. |c A.C. Easton, D.R. Vogel, J.F. Nunamaker |
| 520 | |a Analýza vplyvu rôznych dizajnov systémov na podporu skupinového rozhodovania na proces rozhodovania. Porovnávali sa dve pracoviská so štyrmi pracovníkmi, z ktorých každý mal počítač, pričom na prvom pracovisku boli počítače oddelené, a na druhom pracovali v sieti. | ||
| 610 | 2 | 0 | |a rozhodovanie |
| 610 | 2 | 0 | |a systémy podporné rozhodovacie |
| 610 | 2 | 0 | |a DSS |
| 610 | 2 | 0 | |a vybavenosť pracoviska |
| 610 | 2 | 0 | |a vybavenosť technická |
| 610 | 2 | 0 | |a počítače |
| 610 | 2 | 0 | |a siete počítačové |
| 100 | 1 | |a Easton, A.C. | |
| 700 | 1 | |a Vogel, D.R. | |
| 700 | 1 | |a Nunamaker, J.F. | |